[Event "TCh-NED 2008-9"]
[Site "Netherlands NED"]
[Date "2009.02.07"]
[Round "5"]
[White "Zaragatski,I"]
[Black "Van der Stricht,G"]
[Result "1-0"]
[WhiteElo "2419"]
[BlackElo "2426"]

1.Nf3 d5 2.g3 c6 3.Bg2 Bg4 4.O-O Nd7 5.d3 e5 6.c4 dxc4 7.dxc4 Ngf6 8.Nc3 Be7
9.Qc2 O-O 10.h3 Bh5 11.Nh4 Re8 12.b3 Qc7 13.Bb2 Bf8 14.Rad1 Nc5 15.g4 Bg6
16.Nxg6 hxg6 17.e3 a5 18.Rd2 a4 19.b4 a3 20.Ba1 Na6 21.b5 Nc5 22.g5 Nfd7
23.bxc6 bxc6 24.Rfd1 Nb6 25.Ne4 Nba4 26.h4 Qc8 27.Ng3 Rb8 28.h5 gxh5 29.g6 Nb2
30.gxf7+ Kxf7 31.Qh7 Nxd1 32.Bf3  1-0

[Event "80th ch-GER"]
[Site "Saarbruecken GER"]
[Date "2009.02.09"]
[Round "4"]
[White "Hausrath,D"]
[Black "Buhmann,R"]
[Result "1/2-1/2"]
[WhiteElo "2493"]
[BlackElo "2565"]

1.Nf3 d5 2.g3 Nf6 3.Bg2 c6 4.c4 dxc4 5.O-O Nbd7 6.Qc2 Nb6 7.a4 a5 8.Na3 Qd5
9.Ne1 Bf5 10.Bxd5 Bxc2 11.Bxc6+ bxc6 12.Naxc2 g6 13.Ne3 Bg7 14.d3 cxd3 15.Nxd3 O-O  1/2-1/2

[Event "TCh-FIN"]
[Site "Finland FIN"]
[Date "2009.02.14"]
[Round "6"]
[White "Maki,V"]
[Black "Nyysti,S"]
[Result "1/2-1/2"]
[WhiteElo "2413"]
[BlackElo "2359"]

1.g3 d5 2.Nf3 Nf6 3.Bg2 c6 4.O-O Bf5 5.d3 e6 6.c4 Nbd7 7.Nc3 dxc4 8.dxc4 h6
9.Bf4 Be7 10.Bd6 O-O 11.b4 Bxd6 12.Qxd6 Nb6 13.Qc5 Nfd7 14.Qd4 Qf6 15.Qxf6 Nxf6
16.Ne5 Ng4 17.Nxg4 Bxg4 18.h3 Bh5 19.c5 Nd5 20.Nxd5 exd5 21.e4 dxe4 22.Bxe4 Rad8
23.Rfe1 f5 24.Bg2 f4 25.g4 f3 26.Bf1 Bf7 27.Re7 h5 28.gxh5 Rd2 29.Rae1 Bd5
30.h6 gxh6 31.Rxb7 Kh8 32.Ree7 Rg8+ 33.Kh1 Be4 34.Rxe4 Rd1 35.Rg4 Rxf1+ 36.Kh2 Rf8
37.Rgg7 Rf5 38.Rh7+ Kg8 39.Rbg7+ Kf8 40.Rxa7 Rxf2+ 41.Kg1 Rg2+ 42.Kf1 Kg8
43.Rhd7 Rf8 44.Rd1 Rg3 45.Kf2 Rg2+ 46.Kf1 Rg3 47.Kf2 Rg2+ 48.Kf1 Rg3  1/2-1/2

[Event "80th ch-GER"]
[Site "Saarbruecken GER"]
[Date "2009.02.14"]
[Round "9"]
[White "Hausrath,D"]
[Black "Wichmann,C"]
[Result "1/2-1/2"]
[WhiteElo "2493"]
[BlackElo "2389"]

1.Nf3 d5 2.g3 Bg4 3.Bg2 Nd7 4.c4 e6 5.cxd5 exd5 6.O-O Ngf6 7.d3 Bc5 8.Nc3 c6
9.Qb3 Bb6 10.Qa3 Bc5 11.Qb3 Bb6 12.Qa3 Bc5  1/2-1/2

[Event "TCh-FIN"]
[Site "Finland FIN"]
[Date "2009.02.15"]
[Round "7"]
[White "Maki,V"]
[Black "Norri,J"]
[Result "1-0"]
[WhiteElo "2413"]
[BlackElo "2353"]

1.g3 d5 2.Nf3 g6 3.Bg2 Bg7 4.O-O e5 5.d3 Ne7 6.e4 O-O 7.exd5 Nxd5 8.Re1 Nc6
9.Nc3 Nde7 10.Bd2 h6 11.b4 Nxb4 12.Nxe5 Nbc6 13.Nxc6 Nxc6 14.Rb1 Nd4 15.Ne4 Rb8
16.c3 Ne6 17.d4 c6 18.h4 b6 19.Qc1 Kh7 20.Qa3 a5 21.Nd6 Bd7 22.Nc4 Qc7 23.Qe7 b5
24.Ne5 Bxe5 25.Rxe5 Rbe8 26.Qf6 Qd8 27.Qf3 f6 28.Ree1 Ng7 29.Qf4 g5 30.Qd6 Nf5
31.Qc5 gxh4 32.Bf4 hxg3 33.fxg3 Ng7 34.Kf2 Rxe1 35.Rxe1 Rf7 36.d5 cxd5 37.Bxd5 Rf8
38.Rh1 h5 39.Bf3 Qc8 40.Qe7 Qe8 41.Rxh5+  1-0

[Event "US Amateur Team-ch East"]
[Site "Parsipanny USA"]
[Date "2009.02.15"]
[Round "3"]
[White "Frumkin,E"]
[Black "Radomskyj,P"]
[Result "0-1"]
[WhiteElo "2043"]
[BlackElo "2199"]

1.g3 d5 2.Nf3 Bg4 3.Bg2 Nd7 4.c4 e6 5.cxd5 exd5 6.Qb3 Nc5 7.Qc2 Bd6 8.Nd4 c6
9.Nf5 Bxf5 10.Qxf5 Ne7 11.Qc2 O-O 12.d3 f5 13.f4 Ne6 14.e3 Bb4+ 15.Kf2 Rc8
16.Nd2 c5 17.Nf3 Nc6 18.Bd2 Bxd2 19.Qxd2 d4 20.e4 fxe4 21.dxe4 c4 22.Bh3 Nc5
23.Qc2 Nd3+ 24.Kg2 Ncb4 25.Qe2 Rc6 26.a3 Nxf4+ 27.gxf4 Nd3 28.Qf1 Rg6+  0-1

[Event "FSGM February"]
[Site "Budapest HUN"]
[Date "2009.02.16"]
[Round "10"]
[White "Kosic,D"]
[Black "Ilincic,Z"]
[Result "1/2-1/2"]
[WhiteElo "2521"]
[BlackElo "2555"]

1.Nf3 d5 2.g3 g6 3.d4 Bg7 4.Bg2 Nf6 5.O-O O-O 6.c3 c6 7.Bf4 Bf5 8.Qb3 Qb6
9.Nbd2 Nbd7 10.Ne5 Nxe5 11.Bxe5 Ne4 12.Bxe4 Bxe4 13.Bxg7 Kxg7 14.Qxb6 axb6
15.Nxe4 dxe4 16.f3 exf3 17.exf3 Rfd8 18.a3 Rd5 19.Rae1 e6 20.Re5 Rad8  1/2-1/2

[Event "ch-CZE"]
[Site "Decin CZE"]
[Date "2009.02.16"]
[Round "7"]
[White "Mirumian,V"]
[Black "Rausis,I"]
[Result "1/2-1/2"]
[WhiteElo "2508"]
[BlackElo "2501"]

1.Nf3 d5 2.g3 Nf6 3.Bg2 c5 4.O-O Nc6 5.d4 e6 6.c4 dxc4 7.Qa4 Bd7 8.Qxc4 cxd4
9.Nxd4 Rc8 10.Nc3 Nxd4 11.Qxd4 Bc5 12.Qh4 O-O 13.Bg5 h6 14.Bxf6 Qxf6 15.Qxf6 gxf6
16.Rac1 b6 17.Bb7 Rb8 18.Ba6 Rfd8 19.Ne4 Be7 20.Rc7 Kf8 21.Rxa7 Ra8 22.Rxa8 Rxa8
23.Bc4 b5 24.Bb3 Bc6 25.Nd2 Rd8 26.Rd1 f5 27.Nb1 Ra8 28.Rc1 Ra6 29.Nc3  1/2-1/2

[Event "ch-VIE Stage1"]
[Site "Ha Noi VIE"]
[Date "2009.02.21"]
[Round "9"]
[White "Hoang Canh Huan"]
[Black "Tran Manh Tien"]
[Result "1-0"]
[WhiteElo "2378"]
[BlackElo "2256"]

1.Nf3 d5 2.g3 c6 3.Bg2 Bg4 4.b3 Nd7 5.Bb2 Ngf6 6.O-O e6 7.d3 a5 8.a3 Qb6
9.Nbd2 Be7 10.e4 Nc5 11.h3 Bh5 12.Qe2 Rd8 13.g4 Bg6 14.Ne5 O-O 15.h4 dxe4
16.d4 Qa6 17.Ndc4 Ncd7 18.h5 Nxe5 19.dxe5 Nd5 20.hxg6 fxg6 21.Qxe4 Rf4 22.Qe2 Bc5
23.Bc1 Nc3 24.Qe1 Rxf2 25.Be3 Bxe3 26.Qxe3 Rxc2 27.Rf2 Nd1 28.Qg5 Rd7 29.Rxc2 Qa7+
30.Kh2 h6 31.Qxg6 Qd4 32.Qxe6+ Kh8 33.Rxd1 Qf4+ 34.Kh3 Rxd1 35.Qc8+  1-0

[Event "Masters"]
[Site "Bunratty IRL"]
[Date "2009.02.22"]
[Round "5"]
[White "Ansell,S"]
[Black "Baburin,A"]
[Result "0-1"]
[WhiteElo "2405"]
[BlackElo "2541"]

1.Nf3 d5 2.g3 Nf6 3.Bg2 g6 4.O-O Bg7 5.d3 O-O 6.Nbd2 c5 7.e4 Nc6 8.Re1 dxe4
9.dxe4 e5 10.c3 h6 11.Qc2 Be6 12.Bf1 a6 13.Nc4 Qc7 14.a4 Rfd8 15.Nfd2 b6
16.Nb3 Rab8 17.Ne3 Qc8 18.a5 Bxb3 19.Qxb3 b5 20.Bg2 c4 21.Qa2 Qc7 22.Nd5 Nxd5
23.exd5 Ne7 24.Rd1 Nf5 25.b4 cxb3 26.Qxb3 Rbc8 27.Bd2 Nd6 28.h4 f5 29.Qb1 Qf7
30.Qb3 Nc4 31.Be1 e4 32.h5 g5 33.Rab1 Rxd5 34.Rxd5 Qxd5 35.Rd1 Qf7 36.Qc2 Ne5
37.Qe2 Nd3 38.Rxd3 exd3 39.Qxd3 Kh8  0-1

[Event "Masters"]
[Site "Bunratty IRL"]
[Date "2009.02.22"]
[Round "6"]
[White "Jones,G"]
[Black "Wells,P"]
[Result "1/2-1/2"]
[WhiteElo "2540"]
[BlackElo "2513"]

1.Nf3 d5 2.g3 c6 3.Bg2 Bg4 4.d3 Nd7 5.h3 Bh5 6.g4 Bg6 7.Nh4 e6 8.Nxg6 hxg6
9.e3 Bd6 10.Qe2 g5 11.Nd2 Ne7 12.Nf3 Ng6 13.Bd2 Nde5 14.Bc3 Nxf3+ 15.Bxf3 Be5
16.Bxe5 Nxe5 17.Bg2 Qd6 18.O-O-O Ng6 19.d4 b5 20.Rhf1 a5 21.f4 gxf4 22.Qf2 f3
23.Bxf3 Ra7 24.Rh1 c5 25.Qh2 Qxh2 26.Rxh2 cxd4 27.Rxd4 Ne5 28.Be2 b4 29.e4 dxe4
30.Rxe4 f6 31.h4 Rc7 32.g5 Rc5 33.gxf6 gxf6 34.h5 f5 35.Reh4 Rh6 36.R2h3 Ke7
37.a3  1/2-1/2

[Event "ch-EST"]
[Site "Rakvere EST"]
[Date "2009.02.22"]
[Round "4"]
[White "Seeman,T"]
[Black "Volodin,Alek"]
[Result "1-0"]
[WhiteElo "2401"]
[BlackElo "2401"]

1.Nf3 d5 2.g3 Nf6 3.Bg2 c6 4.c4 g6 5.b3 Bg7 6.Bb2 O-O 7.O-O Bg4 8.d3 Bxf3
9.Bxf3 Nbd7 10.Nd2 e6 11.Qc2 Qb6 12.a3 a6 13.Rab1 Ne8 14.b4 Ne5 15.Bg2 Qd8
16.Nb3 Nd6 17.Na5 Rb8 18.Rfd1 Nd7 19.Bxg7 Kxg7 20.e4 d4 21.a4 c5 22.bxc5 Qxa5
23.cxd6 Qc5 24.f4 e5 25.Bh3 f5 26.fxe5 Qxe5 27.exf5 gxf5 28.Qd2 Qxd6 29.Qg5+ Kh8
30.Bxf5 Qe5 31.Rf1 Nc5 32.Rbe1 Qg7 33.Qh4 Rf7 34.Bxh7  1-0

[Event "ch-EST w"]
[Site "Rakvere EST"]
[Date "2009.02.24"]
[Round "7"]
[White "Narva,R"]
[Black "Korban,K"]
[Result "1-0"]
[WhiteElo "2044"]
[BlackElo "1769"]

1.Nf3 d5 2.g3 c5 3.Bg2 Nc6 4.d3 e5 5.Nbd2 Bd6 6.c4 d4 7.O-O f5 8.a3 Nf6 9.Rb1 a5
10.e4 O-O 11.Re1 Qc7 12.exf5 Bxf5 13.Qc2 h6 14.Nh4 Bh7 15.Ne4 Kh8 16.Nxd6 Qxd6
17.f4 exf4 18.Bxf4 Qd7 19.Nf3 Rae8 20.Rbd1 Nh5 21.Bc1 Rxe1+ 22.Rxe1 Qf5 23.Rd1 Re8
24.Qf2 Qg4 25.Qf1 Bf5 26.Nh4 Re5 27.Bf3 Qh3 28.Qxh3  1-0

[Event "Aeroflot Open"]
[Site "Moscow RUS"]
[Date "2009.02.25"]
[Round "9"]
[White "Zhigalko,S"]
[Black "Potkin,V"]
[Result "1/2-1/2"]
[WhiteElo "2587"]
[BlackElo "2613"]

1.Nf3 d5 2.g3 Nf6 3.Bg2 c6 4.O-O Bf5 5.b3 e6 6.Bb2 Be7 7.d3 O-O 8.Nbd2 h6
9.Re1 a5 10.a3 Nbd7 11.e4 Bh7 12.Qe2 Qb6  1/2-1/2

[Event "Aeroflot Open"]
[Site "Moscow RUS"]
[Date "2009.02.25"]
[Round "9"]
[White "Romanov,E"]
[Black "Robson,R"]
[Result "1-0"]
[WhiteElo "2576"]
[BlackElo "2455"]

1.Nf3 d5 2.g3 Bg4 3.Bg2 Nd7 4.c4 e6 5.cxd5 exd5 6.O-O Ngf6 7.d3 Bd6 8.h3 Bh5
9.Nc3 c6 10.Nd4 Bc5 11.Nf5 O-O 12.Na4 Bg6 13.Nxc5 Bxf5 14.Nb3 h6 15.Be3 Re8
16.Qd2 Nf8 17.Nd4 Bh7 18.b4 Qd7 19.a4 b6 20.Qc3 Rac8 21.Nb3 Ne6 22.Rfc1 c5
23.bxc5 bxc5 24.Bxc5 Ng5 25.h4 Nh3+ 26.Kf1 Qf5 27.Qd4 Nh5 28.Bd6 Rcd8 29.Bc7 Rd7
30.g4 Qe6 31.Bxh3 Qxe2+ 32.Kg1 Bxd3 33.gxh5 Be4 34.Qe3 Qxh5 35.Bxd7 Qxh4
36.Bh2 Re5 37.f4 Rh5 38.Qg3  1-0

[Event "81st ch-StP"]
[Site "St Petersburg RUS"]
[Date "2009.02.26"]
[Round "10"]
[White "Kislinsky,A"]
[Black "Goganov,A"]
[Result "1/2-1/2"]
[WhiteElo "2468"]
[BlackElo "2385"]

1.Nf3 d5 2.g3 Nf6 3.Bg2 c6 4.O-O Bg4 5.b3 Nbd7 6.Bb2 e6 7.d3 Be7 8.Nbd2 O-O
9.h3 Bh5 10.e4 a5 11.a3 b5 12.Qe1 Qb6 13.Kh1 Rac8 14.Nh4 Ne8 15.f4 Bxh4 16.gxh4 d4
17.Qf2 c5 18.a4 b4 19.Rg1 f6 20.Bf3 Bf7 21.h5 h6 22.Rg3 Qc7 23.Be2 Kh8 24.Rag1 Rg8
25.Bc1 f5 26.e5 Nb6 27.Kh2 Qd8 28.Qg2 Rc7 29.Qf2 Rc8 30.R1g2 Rc7 31.Nc4 Nxc4
32.dxc4 Rf8 33.Bd2 Bg8 34.Be1 Bh7 35.Rg1 Rff7 36.Qg2 Qc8 37.Rd3 Kg8 38.Bh4 Kh8
39.Rg3 Ra7 40.Bf3 Rac7 41.Qh1 Qd7 42.Rd1 Qc8 43.Bg2 Rfd7 44.Rgd3 Kg8 45.R1d2 Kh8
46.Qd1 Bg8 47.Bf3 Bh7 48.Bf2 Bg8 49.Qg1 Qd8 50.Rd1 Bf7 51.Qg2 Qc8 52.Be1 Bg8
53.Bh4 Bh7 54.Rg1 Rf7  1/2-1/2

[Event "Tancats de la Societat Coral C"]
[Site "Sabadell ESP"]
[Date "2009.02.27"]
[Round "6"]
[White "Cruz,F"]
[Black "Alsina Leal,D"]
[Result "1-0"]
[WhiteElo "2411"]
[BlackElo "2510"]

1.Nf3 d5 2.g3 Nf6 3.Bg2 c6 4.d3 Bg4 5.Nbd2 Nbd7 6.O-O e5 7.e4 dxe4 8.dxe4 Bc5
9.Qe2 O-O 10.Nc4 Bh5 11.Bd2 Re8 12.Rad1 Qc7 13.b4 Bf8 14.h3 b5 15.Na5 c5
16.c3 c4 17.g4 Bg6 18.Nh4 Rad8 19.a4 a6 20.axb5 axb5 21.Nxg6 hxg6 22.Be3 Nb6
23.Qc2 Be7 24.Rxd8 Rxd8 25.Rd1 Nfd7 26.Bf1 Nf8 27.Rxd8 Bxd8 28.Qd2 Ne6 29.Be2 Be7
30.Bd1 g5 31.Bc2 Nf4 32.Kh2 Bf6 33.Bc5 Nc8 34.Be3 Ne7 35.Kg3 Neg6 36.Bd1 Be7
37.Be2 Kh7 38.Bf1 Qc8 39.f3 Qa8 40.Qd7 Qh8 41.Nc6 Kg8 42.Nxe7+ Nxe7 43.Qe8+ Kh7
44.Qxe7 Kg6 45.Qxe5 Qh4+ 46.Kh2 Qe1 47.Qf5+ Kh6 48.Bxf4 gxf4 49.Qh5+  1-0

[Event "Bundesliga 2008-9"]
[Site "Solingen GER"]
[Date "2009.03.01"]
[Round "13"]
[White "Appel,R"]
[Black "Figura,A"]
[Result "1/2-1/2"]
[WhiteElo "2541"]
[BlackElo "2412"]

1.Nf3 d5 2.g3 g6 3.Bg2 Bg7 4.O-O Nf6 5.d3 O-O 6.Nbd2 Nc6 7.e4 e5 8.exd5 Nxd5
9.Re1 Nb6 10.Bf1 h6 11.c3 a5 12.a4 Be6 13.Qc2 Bd5 14.Nh4 Kh7 15.b3 f5 16.Rb1 Qf6
17.Ng2 Rad8 18.Ne3 Be6 19.Bg2 Nd5 20.Nec4 g5 21.Bb2 g4 22.Re2 Bf7 23.Rbe1 Rfe8
24.f4 gxf3 25.Nxf3 Bh5 26.Rf2 Kh8 27.Nh4 f4 28.Bf3 fxg3 29.hxg3 Bxf3 30.Rxf3 Qg5
31.Bc1 Qg4 32.Ne3 Nxe3 33.Rexe3 Rf8 34.Re4 Qe6 35.Rfe3 Qf7 36.Qe2 Kg8 37.Ba3 Rfe8
38.Rg4 Rd7 39.Qc2 Re6 40.Rf3 Rf6 41.Rxf6 Qxf6 42.Qe2 Qe6 43.Bc1 Ne7 44.d4 Kh8
45.Kh2 Qxb3 46.Bxh6 Bxh6 47.Qxe5+ Kh7 48.Qe4+ Kh8 49.Nf5 Nxf5 50.Qe8+ Kh7  1/2-1/2

[Event "41st WGM"]
[Site "Belgrade SRB"]
[Date "2009.03.05"]
[Round "3"]
[White "Maksimovic,S"]
[Black "Djukic,Sa"]
[Result "1-0"]
[WhiteElo "2284"]
[BlackElo "2196"]

1.Nf3 d5 2.g3 Nf6 3.Bg2 c6 4.O-O Bf5 5.d3 e6 6.b3 Nbd7 7.Bb2 h6 8.Nbd2 Bc5
9.a3 a5 10.e4 Bh7 11.Qe2 O-O 12.Kh1 Qb8 13.Ng1 b5 14.f4 Ra6 15.Rae1 Qa7 16.Ngf3 dxe4
17.Nxe4 Bxe4 18.dxe4 Ng4 19.Nd4 Bxd4 20.Bxd4 Qxd4 21.Qxg4 Nf6 22.Qe2 Qc5
23.a4 Raa8 24.axb5 cxb5 25.e5 Nd5 26.c4 bxc4 27.bxc4 Nb6 28.Bxa8 Rxa8 29.Qe4 Rc8
30.Ra1 a4 31.Rfc1 g6 32.Kg2 Kg7 33.Kh3 h5 34.Qf3 Rd8 35.Qa3 Qc6 36.Rd1 Nxc4
37.Qe7 Ne3 38.Qf6+ Kh6 39.Qg5+ Kg7 40.Qf6+ Kh6 41.Rd2 Rxd2 42.Qh8+  1-0

[Event "41st WGM"]
[Site "Belgrade SRB"]
[Date "2009.03.05"]
[Round "3"]
[White "Chelushkina,I"]
[Black "Cosma,E"]
[Result "1-0"]
[WhiteElo "2359"]
[BlackElo "2343"]

1.Nf3 d5 2.g3 Nf6 3.Bg2 e6 4.O-O Be7 5.d3 b6 6.c4 Bb7 7.cxd5 exd5 8.Nd4 Qd7
9.Nc3 Nc6 10.Nxc6 Bxc6 11.e4 dxe4 12.dxe4 Qxd1 13.Rxd1 Nd7 14.Bf4 O-O-O 15.Rac1 Nc5
16.b4 Ne6 17.Bh3 Kb7 18.b5 Be8 19.Nd5 Nxf4 20.Rxc7+ Kb8 21.gxf4 Bd6 22.Rdc1 Bxc7
23.Nxc7 Bd7 24.Na6+ Ka8 25.Bg2 Bc8 26.Rxc8+  1-0

[Event "10th EICC"]
[Site "Budva MNE"]
[Date "2009.03.06"]
[Round "1"]
[White "Nikolic,Pr"]
[Black "Ferguson,M"]
[Result "1-0"]
[WhiteElo "2623"]
[BlackElo "2404"]

1.Nf3 d5 2.g3 Nf6 3.Bg2 c6 4.O-O Bf5 5.d3 h6 6.c4 e6 7.cxd5 exd5 8.Nc3 Be7
9.Nd4 Bg6 10.e4 O-O 11.Nb3 dxe4 12.dxe4 Na6 13.Be3 Bb4 14.f3 Qe7 15.Bf2 Rfd8
16.Qc2 Nc5 17.Nd4 Ne6 18.Nce2 Bc5 19.Rad1 Nxd4 20.Nxd4 Bb6 21.Nb3 Bxf2+ 22.Kxf2 Qc7
23.Rfe1 b6 24.Rxd8+ Rxd8 25.Rd1 c5 26.Rxd8+ Qxd8 27.Qd2 Qe8 28.Nc1 Nd7 29.Bh3 Ne5
30.Qd5 Kh8 31.Ne2 f6 32.Be6 Bf7 33.Bxf7 Nxf7 34.Nf4 Ne5 35.g4 Kh7 36.Qb7 Nc4
37.Nh5 Qg6 38.Qxa7 Nxb2 39.Qxb6 Nd3+ 40.Ke3 c4 41.Qc7 Nb2 42.Kd4 Nd3 43.h3 Ne1
44.f4 Nc2+ 45.Kc3 Na3 46.Qb7  1-0

[Event "10th EICC"]
[Site "Budva MNE"]
[Date "2009.03.06"]
[Round "1"]
[White "Meier,Geo"]
[Black "Pankov,Ger"]
[Result "1-0"]
[WhiteElo "2608"]
[BlackElo "2392"]

1.Nf3 d5 2.g3 c6 3.Bg2 Nf6 4.O-O Bg4 5.c4 e6 6.d3 Be7 7.h3 Bh5 8.Qb3 Qb6
9.Qc2 Nbd7 10.Be3 Qc7 11.cxd5 exd5 12.Nc3 Bxf3 13.Bxf3 Bd6 14.Bg2 O-O 15.Rac1 Rfc8
16.Bd2 d4 17.Ne4 Nxe4 18.dxe4 c5 19.f4 c4 20.e5 Bf8 21.Kh1 Rab8 22.Qe4 Qc5
23.Be1 Qb6 24.Bf2 Bc5 25.Rxc4 Qxb2 26.Rc2 Qb6 27.Rfc1 Rc6 28.Qd3 Rh6 29.h4 Rd8
30.Rc4 Rc6 31.Bxc6 Qxc6+ 32.Kh2  1-0

[Event "FSIMA March"]
[Site "Budapest HUN"]
[Date "2009.03.07"]
[Round "1"]
[White "Berczes,C"]
[Black "Bach,Mat"]
[Result "1-0"]
[WhiteElo "2383"]
[BlackElo "2276"]

1.Nf3 d5 2.g3 c5 3.Bg2 Nc6 4.d4 e6 5.O-O Nf6 6.c4 Be7 7.cxd5 exd5 8.b3 Ne4
9.Bb2 Bf6 10.Na3 O-O 11.Nc2 Re8 12.Qc1 b6 13.dxc5 Nc3 14.Ncd4 Nxd4 15.Nxd4 bxc5
16.Qxc3 cxd4 17.Qd2 Ba6 18.Rfe1 Qb6 19.Rad1 h6 20.Bxd4 Bxd4 21.Qxd4 Bxe2
22.Qxb6 axb6 23.Rd2 Bb5 24.Rxe8+ Rxe8 25.Bxd5 Re1+ 26.Kg2 Bf1+ 27.Kf3 g5
28.Be4 Kg7 29.Bd3 Bh3 30.Re2 Rh1 31.Bc4 Bd7 32.Re7 Bc6+ 33.Ke2 g4 34.Rxf7+ Kg6
35.Rf4 Bf3+ 36.Ke3 Re1+ 37.Kd2 Rd1+ 38.Kc3 Rh1 39.Bd3+ Kg7 40.Be4 Bxe4 41.Rxe4 h5
42.Kb4 Rxh2 43.Rf4 Kh6 44.Kb5 h4 45.gxh4 Rxh4 46.Kxb6 Kg5 47.Rf8 Rh3 48.b4 Ra3
49.b5 Rxa2 50.Kc7 Rc2+ 51.Kb7 Kh4 52.b6 Kh3 53.Rf4 Rc3 54.Ka6 Rf3 55.Rxf3+ gxf3
56.b7 Kg2 57.b8=Q Kxf2 58.Qf4 Ke2 59.Qg4 Ke3 60.Kb5 f2 61.Qd1  1-0

[Event "TCh-NED 2008-9"]
[Site "Netherlands NED"]
[Date "2009.03.07"]
[Round "6"]
[White "Berkvens,J"]
[Black "Janssen,Ru"]
[Result "1/2-1/2"]
[WhiteElo "2431"]
[BlackElo "2503"]

1.Nf3 d5 2.g3 Bg4 3.Ne5 Bf5 4.d4 f6 5.Nf3 Nc6 6.c4 e5 7.cxd5 Qxd5 8.Nc3 Bb4
9.Bg2 Nxd4 10.Nh4 Qd7 11.Nxf5 Qxf5 12.O-O O-O-O 13.Nd5 Qc2 14.Be3 Qxd1 15.Rfxd1 Bc5
16.Rac1 Nxe2+ 17.Kf1 Nxc1 18.Bxc5 Nxa2 19.Bxa7 f5 20.Ra1 b6 21.Rxa2 e4 22.Nxb6+ cxb6
23.Bxb6 Rd7 24.Bh3 g6 25.Ra8+ Kb7 26.Ra7+ Kxb6 27.Rxd7 Nh6 28.Ke2 Kc6 29.Ra7 Kd5
30.Ke3 Ke6 31.b4 Rb8 32.Ra4 Kd5 33.f3 exf3 34.Kxf3 Nf7 35.Bf1 Ne5+ 36.Kf4 Nc6
37.b5 Nd4 38.Kg5 Nf3+ 39.Kh6 Nxh2 40.Bg2+ Kc5 41.Bc6 Ng4+ 42.Kxh7 Ne5 43.Ra6 g5
44.Kh6 Rg8 45.Ra8 Ng4+ 46.Kh7 Nf6+  1/2-1/2

[Event "TCh-NED 2008-9"]
[Site "Netherlands NED"]
[Date "2009.03.07"]
[Round "6"]
[White "Lanchava,T"]
[Black "Van Delft,M"]
[Result "1/2-1/2"]
[WhiteElo "2358"]
[BlackElo "2399"]

1.Nf3 d5 2.g3 c6 3.Bg2 Nf6 4.O-O Bf5 5.d3 h6 6.Nbd2 Nbd7 7.b3 e6 8.Bb2 Be7
9.Re1 Bh7 10.e4 dxe4 11.dxe4 Nc5 12.Nd4 O-O 13.Qe2 a5 14.a4 Qc7 15.f3 Rfd8
16.Kh1 Na6 17.e5 Nd5 18.Ne4 Nc5 19.f4 Nxe4 20.Bxe4 Bxe4+ 21.Qxe4 Bb4 22.Rf1 Nc3
23.Bxc3 Bxc3 24.Rad1 Bxd4 25.Rxd4 Rxd4 26.Qxd4 Rd8 27.Qc3 Qb6 28.Kg2 Rd5
29.Rf3 Rd1 30.Rf2 Qd8 31.Qc5 Rd5 32.Qc4 Qd7 33.Qc3 Qd8  1/2-1/2

[Event "TCh-BEL 2008-9"]
[Site "Belgium BEL"]
[Date "2009.03.08"]
[Round "10"]
[White "Hausrath,D"]
[Black "Lobzhanidze,D"]
[Result "1/2-1/2"]
[WhiteElo "2493"]
[BlackElo "2495"]

1.Nf3 d5 2.g3 c6 3.Bg2 Bg4 4.c4 e6 5.O-O Nd7 6.cxd5 exd5 7.d3 Ngf6 8.Nc3 Bd6
9.Qc2 O-O 10.e4 dxe4 11.dxe4 Re8 12.h3 Bxf3 13.Bxf3 Bc5 14.Bg2 Qe7 15.Kh2 Bd4
16.Bd2 b5 17.Ne2 Bb6 18.Rae1 Rad8 19.f4 Qc5 20.Qb1 Nf8 21.Bc3 b4 22.Bxf6 gxf6
23.Nc1 a5 24.e5 a4 25.Nd3 Qb5 26.exf6 Rxe1 27.Nxe1 Bd4 28.Nf3 Bxf6 29.Re1 Ne6  1/2-1/2

[Event "10th EICC"]
[Site "Budva MNE"]
[Date "2009.03.08"]
[Round "3"]
[White "Hera,I"]
[Black "Pankov,Ger"]
[Result "1/2-1/2"]
[WhiteElo "2527"]
[BlackElo "2392"]

1.Nf3 d5 2.g3 c6 3.Bg2 Nf6 4.O-O Bf5 5.d3 e6 6.Nfd2 h6 7.e4 Bh7 8.Nc3 Be7
9.f4 O-O 10.g4 dxe4 11.dxe4 e5 12.g5 hxg5 13.fxg5 Nfd7 14.h4 Nc5 15.Qg4 Qd7
16.Qg3 Bg6 17.Nf3 Nxe4 18.Nxe4 Bxe4 19.Nxe5 Qd5 20.c4 Bc5+ 21.Kh2 Qd4 22.Bxe4 Qxe4
23.Bf4 Bd4 24.Ng4 Nd7 25.Rad1 c5 26.Bd2 Rfe8 27.h5 Re6 28.h6 Rc8 29.hxg7 Kxg7
30.Nh6 Rh8 31.Qh3 Ne5  1/2-1/2

[Event "10th EICC"]
[Site "Budva MNE"]
[Date "2009.03.08"]
[Round "3"]
[White "Vojinovic,J"]
[Black "Rajcevic,S"]
[Result "1-0"]
[WhiteElo "2331"]
[BlackElo "2161"]

1.Nf3 d5 2.g3 Nf6 3.Bg2 c6 4.O-O Bf5 5.d3 e6 6.c4 Nbd7 7.cxd5 exd5 8.Nc3 Be7
9.Re1 O-O 10.e4 dxe4 11.dxe4 Be6 12.Nd4 Nb6 13.Nxe6 Qxd1 14.Nxd1 fxe6 15.a3 e5
16.b3 Bc5 17.Bb2 Ng4 18.Re2 Rae8 19.h3 Nf6 20.b4 Bd6 21.Ne3 Na4 22.Rd1 Bc7
23.Ba1 Nb6 24.Ra2 Rd8 25.Rxd8 Rxd8 26.a4 Nbd7 27.Nc4 Nb6 28.Bxe5 Bxe5 29.Nxe5 Rd4
30.a5 Nc4 31.Nxc4 Rxc4 32.e5 Ne8 33.a6 b6  1-0

[Event "10th EICC"]
[Site "Budva MNE"]
[Date "2009.03.08"]
[Round "3"]
[White "Rukavina,J"]
[Black "Gagunashvili,M"]
[Result "0-1"]
[WhiteElo "2417"]
[BlackElo "2585"]

1.Nf3 d5 2.g3 g6 3.Bg2 Bg7 4.d4 Nf6 5.c4 dxc4 6.Qa4+ Nfd7 7.Qxc4 Nc6 8.e3 e5
9.O-O exd4 10.exd4 Nb6 11.Qc5 Nxd4 12.Nc3 Ne6 13.Re1 Qd6 14.Qb5+ Bd7 15.Qb3 O-O
16.Be3 Nc5 17.Qc2 Nc4 18.Rad1 Bf5 19.Qe2 Nd3 20.g4 Ncxb2 21.gxf5 Bxc3 22.Rf1 Nxd1
23.Rxd1 Rad8 24.Rb1 Nf4  0-1

[Event "10th EICC w"]
[Site "St Petersburg RUS"]
[Date "2009.03.08"]
[Round "1"]
[White "Demina,J"]
[Black "Yakovich,Yul"]
[Result "1-0"]
[WhiteElo "2361"]
[BlackElo "2125"]

1.Nf3 d5 2.g3 c6 3.Bg2 Bg4 4.Ne5 Bf5 5.d4 Nd7 6.O-O f6 7.Nxd7 Qxd7 8.Re1 O-O-O
9.a4 e5 10.a5 e4 11.a6 b6 12.Nd2 h5 13.c4 h4 14.cxd5 cxd5 15.Nf1 hxg3 16.fxg3 g5
17.Qb3 Bh3 18.Bd2 Bxg2 19.Rec1+ Kb8 20.Kxg2 Ka8 21.Rc2 Qe6 22.Rac1 Ne7 23.Rc7 Bh6
24.Bb4 Rhe8 25.Bxe7 Rxe7 26.Qxd5+  1-0

[Event "FSIMA March"]
[Site "Budapest HUN"]
[Date "2009.03.09"]
[Round "3"]
[White "Berczes,C"]
[Black "Sebestyen,Ba"]
[Result "1/2-1/2"]
[WhiteElo "2383"]
[BlackElo "2283"]

1.Nf3 d5 2.g3 c5 3.Bg2 Nc6 4.d4 e6 5.O-O Nf6 6.c4 dxc4 7.Qa4 Bd7 8.Qxc4 b5
9.Qd3 Rc8 10.Nc3 cxd4 11.Nxd4 Nxd4 12.Qxd4 Bc5 13.Qd3 b4 14.Ne4 Nxe4 15.Bxe4 Qb6
16.a4 bxa3 17.bxa3 Bb5 18.Qf3 O-O 19.Rb1 Qa5 20.h4 Qa4 21.h5 h6 22.Bb2 f5
23.Bb7 Rcd8 24.Rfc1 Bd4 25.Bxd4 Rxd4 26.Qe3 Bd7 27.Bc6 Bxc6 28.Qxe6+ Kh8
29.Rxc6 f4 30.Rc8 Rdd8 31.Rxd8 Rxd8 32.Qb3 Qe4 33.Re1 Re8 34.gxf4 Qxf4 35.Qg3 Qf5
36.f4 Qa5 37.e4 Qc5+ 38.Qe3 Qe7 39.Kg2 Qh4 40.Qg3 Qf6 41.f5 Re5 42.Qf4 Qe7
43.Re3 a5 44.Kf3 Qe8 45.Qg4 Rb5 46.Rc3 Qd7 47.Kg3 Rb1 48.Qe2 Qd6+ 49.e5 Qd1
50.Qe3 Qxh5 51.f6 Qf7 52.Rc8+ Kh7 53.Qe4+ Qg6+ 54.Qxg6+ Kxg6 55.Ra8  1/2-1/2

[Event "10th EICC"]
[Site "Budva MNE"]
[Date "2009.03.09"]
[Round "4"]
[White "Drasko,M"]
[Black "Nyback,T"]
[Result "0-1"]
[WhiteElo "2533"]
[BlackElo "2644"]

1.Nf3 d5 2.g3 Nc6 3.d4 Bg4 4.Bg2 Qd7 5.h3 Bxf3 6.exf3 O-O-O 7.f4 f5 8.c3 Nf6
9.Nd2 e6 10.O-O h6 11.Nf3 Ne4 12.Kh2 g5 13.Ne5 Qg7 14.Qe2 Bd6 15.Be3 Rdg8
16.Rg1 h5 17.Bf3 Qh7 18.h4 gxh4 19.gxh4 Qe7 20.Kh3 Bxe5 21.dxe5 Qf7 22.Rg2 Ne7
23.Rxg8+ Qxg8 24.Rh1 Ng6 25.Bxe4 fxe4 26.f3 Qf7 27.fxe4 Nxf4+ 28.Bxf4 Qxf4
29.Rf1 Qxe5 30.Qf3 dxe4 31.Qf6 Qxf6 32.Rxf6 Kd7 33.Rf4 e5 34.Rxe4 Ke6 35.Rb4 b6
36.Ra4 a5 37.b4 axb4 38.cxb4 Rg8 39.b5 Kd5 40.Ra7 Rg7 41.Ra8 e4 42.Rh8 e3
43.Rxh5+ Kd4 44.Rh8 Re7  0-1

[Event "10th EICC"]
[Site "Budva MNE"]
[Date "2009.03.09"]
[Round "4"]
[White "Becic,S"]
[Black "Dedic,S"]
[Result "1/2-1/2"]
[WhiteElo "2131"]
[BlackElo "1968"]

1.Nf3 d5 2.g3 Nc6 3.d4 Nf6 4.Bg2 e6 5.O-O Bd6 6.Nbd2 O-O 7.c3 e5 8.dxe5 Nxe5
9.Nxe5 Bxe5 10.Nf3 Bd6 11.Bg5 c6 12.Qd4 Be7 13.Rad1 Ne4 14.Bxe7 Qxe7 15.Nd2 f5
16.Nxe4 fxe4 17.c4 Be6 18.cxd5 Bxd5 19.b3 b6 20.Rd2 Rae8 21.Qe3 Rf6 22.Rd4 Re6
23.Rfd1 b5 24.Rc1 h6 25.Rc2 Kh8 26.Qc1 Kg8 27.e3 Rf8 28.Qb2 Kh8 29.Bf1 Rb8
30.Qc3 Rf6 31.Qb4 Qxb4 32.Rxb4 a6 33.Rd4 g5 34.b4 Rbf8 35.a3 Kg7 36.Bg2 Re8
37.Rc5 Kg6 38.a4 h5 39.axb5 axb5 40.Bf1 Bb3 41.Rc3 Bf7 42.Ra3 Re5 43.Bg2 Bd5
44.Ra7 Rf7 45.Ra6 Rf6 46.Ra8 Kg7 47.Bf1 Rf8 48.Rxf8 Kxf8 49.Be2 g4 50.Kg2 Ke7
51.h3 Be6 52.hxg4 hxg4 53.Kf1 Bf5 54.Ke1 Re6 55.Kd2 Rh6 56.Bd1 Re6 57.Kc3 Re5
58.Bc2 Bg6 59.Bb3 Bf5 60.Rd1 Be6 61.Bxe6 Rxe6 62.Rh1 Rf6 63.Rh4 Rxf2 64.Rxg4 Rf1
65.Rxe4+ Kd6 66.Rg4 Rc1+ 67.Kd2 Rb1 68.Rd4+ Ke5 69.g4 Rb2+ 70.Kc3 Re2 71.Kd3 Rg2
72.Rf4 Rb2 73.Rf5+ Ke6 74.Kc3 Re2 75.Kd4 Rg2 76.Rg5 Rd2+ 77.Ke4 Rb2 78.Rg6+ Kd7
79.Ke5 Rxb4 80.Rg7+ Ke8 81.e4 Rc4 82.Rb7 b4 83.g5 Rc5+ 84.Ke6 Rb5 85.Rh7 Kf8
86.Kf6 Kg8 87.Rg7+ Kh8 88.Rc7 Rb8 89.Rxc6 b3 90.Rc1 b2 91.Rb1 Rb6+ 92.Kf5 Kg7
93.g6 Rf6+ 94.Ke5 Rb6 95.Kd5 Kxg6 96.e5 Kf7 97.Kc5 Rb8 98.Kd6 Rd8+ 99.Kc5 Rd2
100.Kc4 Ke6 101.Kc3 Rh2 102.Rxb2 Rxb2  1/2-1/2